000 01540nam0a22003731 4500
001 v19\rc\1894643
005 20251118180420.9
035 _a(NLR Aleph) 004981527
090 _a6190267
_c6190267
100 _a20080221d1911 u y0rusy50 ca
101 1 _arus
_cger
102 _aRU
105 _aa z |||||
200 1 _aПсихология ребенка
_eС 18 рис.
_f[Соч.] Роберта Гауппа, проф. Тюбинг. ун-та
_gПер. д-ра философии Анны Шуберт
_gПод ред. прив.-доц. А.Н. Бернштейна
210 _aМосква
_cтип. т-ва И.Д. Сытина
_d1911
215 _a267 с.
_cил.
_d19
225 1 _aВопросы педагогической психологии
_fПод ред. прив.-доц. А.Н. Бернштейна, прив.-доц. В.Е. Игнатьева, М.П. Иогихес [и др.]
_vВып. 4
532 1 3 _aПсихология ребенка
700 1 _aГаупп
_bР.
_gРоберт
702 1 _aШуберт
_bА.М.
_f1879-
_gАнна Михайловна
_4730
702 1 _aБернштейн
_bА.Н.
_f1870-1922
_gАлександр Николаевич
_4340
801 0 _aRU
_bNLR
_gpsbo
801 0 _aRU
_bRuMoRGB
_2psbo
801 1 _aRU
_bProSoft-M
_2rusmarc
852 _aNLR
_j37.30.6.22(4)
852 _aNLR
_j129/943(4)
899 _aRuMoRGB
_jW 437/57
899 _aRuMoRGB
_jV 543/330
899 _aБАН
899 _aГПИБ
899 _aНБ МГУ
942 _cBOOK
980 _aNB